Tres relatos porteños (Registro nro. 39670)
[ vista simple ]
| 000 -LEADER | |
|---|---|
| campo de control de longitud fija | 00472nam a2200145 i 4500 |
| 001 - NÚMERO DE CONTROL | |
| campo de control | 39670 |
| 003 - IDENTIFICADOR DE NÚMERO DE CONTROL | |
| campo de control | ES-MaACL |
| 007 - CAMPO FIJO DE DESCRIPCIÓN FÍSICA--INFORMACIÓN GENERAL | |
| campo de control de longitud fija | t| |
| 008 - DATOS DE LONGITUD FIJA--INFORMACIÓN GENERAL | |
| campo de control de longitud fija | 030303s1923 ag ||||1| spa d |
| 100 1# - ENTRADA PRINCIPAL--NOMBRE DE PERSONA | |
| Nombre de persona | Cancela, Arturo. |
| 9 (RLIN) | 34430 |
| 245 10 - MENCIÓN DEL TÍTULO | |
| Título | Tres relatos porteños |
| Resto del título | : el cocobacilo de Herrlin, una semana de holgorio, el culto de los héroes / |
| Mención de responsabilidad, etc. | de Arturo Cancela. |
| 260 ## - PUBLICACIÓN, DISTRIBUCIÓN, ETC. | |
| Lugar de publicación, distribución, etc. | Buenos Aires : |
| Nombre del editor, distribuidor, etc. | [s.n., |
| Fecha de publicación, distribución, etc. | 1923] ( |
| Fabricante | M. Gleizer) |
| 300 ## - DESCRIPCIÓN FÍSICA | |
| Extensión | 233 p. ; |
| Dimensiones | 19 cm. |
| 852 ## - LOCALIZACIÓN | |
| Ubicación | ES-MaACL |
| Número de control de estantería | G-3208 |
| Estatus retirado | Estado de pérdida | Estado de daño | No para préstamo | Biblioteca de origen | Biblioteca actual | Ubicación en estantería | Fecha de adquisición | Fuente de adquisición | Total de préstamos | Signatura topográfica completa | Código de barras | Visto por última vez | Precio de reemplazo | Tipo de ítem Koha |
|---|---|---|---|---|---|---|---|---|---|---|---|---|---|---|
| Biblioteca del Ateneo de Madrid | Biblioteca del Ateneo de Madrid | Depósito 2 | 17/01/2008 | G-3208 | 1041779 | 23/02/2023 | 23/02/2023 | Libro impreso |
